000 00990nam a2200241 i 4500
001 20569
003 ES-MaACL
005 20251003063036.0
007 t|
008 021114s1879 sp ||||1| spa d
100 1 _aAhrens, Heinrich,
_d1808-1874
_918949
245 1 0 _aCompendio de la historia del derecho romano /
_cEnrique Ahrens ; versión directa del alemán, con notas críticas por F. Giner, G. de Azcárate y A.G. de Linares.
260 _aMadrid :
_bLibrería de Victoriano Suárez,
_c1879 (
_fImp. de J.M. Pérez)
300 _a240 p. ;
_c18 cm.
530 _aDisponible en formato digital.
650 4 _aDerecho romano-
_vHistoria.
_911766
700 1 _aGiner de los Ríos, Francisco,
_d1839-1915
_957122
700 1 _aAzcárate, Gumersindo de,
_d1840-1917
_924243
700 1 _aLinares, Augusto G. de.
_972332
852 _aES-MaACL
_jF-6437
856 _uhttp://bdh-rd.bne.es/viewer.vm?id=0000074883&page=1
_zBiblioteca Digital Hispánica
999 _c20569
_d20569